| 000 | 00449nam a2200169 a 4500 | ||
|---|---|---|---|
| 001 | 20057 | ||
| 005 | 20180713213601.0 | ||
| 008 | 140415s1995 000 0 spa d | ||
| 020 | _a924356157X | ||
| 041 | _aspa | ||
| 082 |
_a616.865 _bROE |
||
| 100 | 1 | _aROEMER, RUTH | |
| 245 | 1 | 0 |
_aACCION LEGISLATIVA CONTRA LA EPIDEMIA : _bMUNDIAL DE TABAQUISMO |
| 260 |
_a[s.l.] : _bOMS, _c1995 |
||
| 300 | _a329 | ||
| 650 | 1 | 4 | _aHABITO DE FUMAR |
| 999 |
_c20057 _d20057 |
||